| 000 | 00779 a2200229 4500 | ||
|---|---|---|---|
| 999 |
_c7910 _d7910 |
||
| 020 | _a9781446202869 (hbk.) | ||
| 020 | _a1446202860 (hbk.) | ||
| 020 | _a9781446202876 (pbk.) | ||
| 020 | _a1446202879 (pbk.) | ||
| 050 | 0 | 0 | _aLB1050.5 STU 2012 |
| 100 |
_aHargreaves, Sandra _eeditor |
||
| 245 | 0 | 0 |
_aStudy skills for students with dyslexia / _cedited by Sandra Hargreaves. |
| 250 | _a2nd ed. | ||
| 264 |
_aLos Angeles : _bSage, _c2012. |
||
| 300 |
_axvi, 171 p. : _bill. ; |
||
| 500 | _aIncludes bibliographical references and index | ||
| 650 | 0 |
_aDyslexics _xEducation (Higher) |
|
| 650 | 0 | _aStudy skills. | |
| 700 | 1 |
_aHargreaves, Sandra, _d1946- _eeditor |
|
| 942 |
_2lcc _cBK _e2nd ed. _h1050.5 _iSTU _kLB |
||